| 000 | 00792cam a2200217 4500 | ||
|---|---|---|---|
| 008 | 031009s2000 sp 000 0 spa u | ||
| 020 | _a8476766157 | ||
| 035 | _aa432285 | ||
| 050 | 0 | 4 |
_aKJD875 _bG34 2000. |
| 100 | 1 | _aGaete González, Eugenio Alberto. | |
| 245 | 1 | 0 |
_aInstrumento público electrónico / _cEugenio Alberto Gaete González. |
| 250 | _a1a ed. | ||
| 260 |
_aEspaña : _bBosch, _c2000. |
||
| 300 |
_a532 páginas ; _c22 cm. |
||
| 500 | _aRecursos de la Dirección General de Bibliotecas. | ||
| 504 | _aBibliografía : páginas 499-525. | ||
| 504 | _aIncluye índice | ||
| 650 | 1 | 0 |
_aTelecomunicación _xLeyes y legislación _zEspaña. |
| 650 | 2 | 0 |
_aComercio electrónico _xLeyes y legislación _zEspaña. |
| 650 | 3 | 0 |
_aProteccion de datos _xLeyes y legislación _zEspaña. |
| 942 |
_2lcc _cLIB |
||
| 999 |
_c139942 _d139940 |
||